02319agaaa2200289 45000010005000000030009000050050017000140070009000310080040000400400023000800410013001031000051001161300023001672450181001902500022003712600111003933000033005045080152005375110083006895200992007725380016017645460013017806500054017937000063018477000065019107000054019757033IT-RoPAU20220918181254.0d cvaizq50131s9999||||xx ||| | || ||und|| aIT-RoPAUcIT-RoPAU aITALIANO aVon Garnier KatjagCodice regista SPICS: 45896 aDONNE SENZA TRUCCO aDONNE SENZA TRUCCOcSceneggiatura: Taylor Benjamin Jaenicke Hannes Von Garnier Katja -- Diretto da: Von Garnier KatjapDONNE SENZA TRUCCO (Rif. Codice opera principale : D7033) aEdizione Standard aPARIGI (ITALIA)bVELA X - HFF / Distribuzione: DELTAVIDEOg"1995 (1° ed.: 1995 ; Ed. Lingua Orig.: 1995)" aVHSbsonoro, col.c75 minuti a"Fotografia: Breuer Torsten; Montaggio: Von Garnier Katja; Musica: Wenke Peter; Sceneggiatura: Taylor Benjamin Jaenicke Hannes Von Garnier Katja; " a"Riemann Katja; Kronjager Nina; Burkhard Gedeon; Tidof Max; Lunkewitz Daniela" aRUBY LA DONNA ZANZARA E' IL TITOLO DELLA RUBRICA SETTIMANALE DI FUMETTI FIRMATA DA FRENZY CHE DA QUALCHE TEMPO, VISTA LA CRISI DI ISPIRAZIONE TROVA SPUNTO PER I SUOI FUMETTI NELLA VITA DI MAISCHA LA SUA MIGLIORE AMICA. MA LAVITA DI MAISCHA IN QUESTO MOMENTO NON E' UN GRAN CHE, L'ASSENZA DI UN NUOVO RAGAZZO CON CUI USCIRE LA RENDE PERENNEMENTE INQUIETA ED ANCHE I FUMETTI DI FRENZY RISENTONO COSI' DEL CATTIVO MOMENTO. QUANDO IL SUO EDITORE STANCODI STORIE CINICHE E TRISTI LE IMPONE DI SCRIVERE QUALCOSA DI OTTIMISTA FRENZY DECIDE DI INVITARE MAISCHA A PASSARE IL FINE SETTIMANA DA LEI E LA CONDUCE SUBITO AD UNA FESTA SPERANDO CHE QUALCOSA SUCCEDA. E COSI' E', MAISCHA INCONTRA INFATTI IL BEL RENE' E RIESCE CON LA COMPLICITA' DI FRENZY E DOPO MILLE STRATAGEMMI AD AVERE UN APPUNTAMENTO CON LUI. MARK UN AMICO DI RENE'E' GIUNTO IMPROVVISAMENTE IN CITTA' VOLENTE O NOLENTE SARA' FRENZY AD OCCUPARSENE E QUANDO LE DUE AMICHE SI INCONTRERANNO A FINE SERATA MOLTE COSE SARANNO CAMBIATE... aPAL, STEREO aITALIANO aCOMMEDIAeFILMS [VHS]xCodice MATERIA SPICS: 9960 aVon Garnier Katja e(regista)gCodice regista SPICS: 45896 aVon Garnier Katja e(soggetto)gCodice Soggetto SPICS: 45896 aWenke Petere(musica)gCodice Musica SPICS: 45895